[Event "Euro Online U2300 Day 2"]
[Site "chess.com INT"]
[Date "2020.05.26"]
[Round "5"]
[White "Martirosyan, Haik M."]
[Black "Saveliev, Alexei"]
[Result "1-0"]
[WhiteTitle "GM"]
[BlackTitle "IM"]
[WhiteElo "2617"]
[BlackElo "2352"]
[WhiteFideId "13306553"]
[BlackFideId "24128546"]
[EventDate "2020.05.26"]

1. b3 e5 2. Bb2 d6 3. e3 g6 4. c4 Bg7 5. Nc3 f5 6. g3 Nf6 7. d3 O-O 8. Bg2 c6 9.
Nge2 Be6 10. Qd2 Nbd7 11. f4 Qe7 12. h3 Bf7 13. O-O Rae8 14. Rae1 h5 15. e4 Bh6
16. Qc2 Be6 17. Ba3 c5 18. Bc1 h4 19. exf5 gxf5 20. fxe5 Bxc1 21. Qxc1 Nxe5 22.
Qg5+ Qg7 23. Qxh4 Kf7 24. Nd5 Nxd3 25. Nxf6 Qxf6 26. Qxf6+ Kxf6 27. Rd1 Bc8 28.
Nc3 Ne5 29. Rxd6+ Kg5 30. h4+ Kh5 31. Nd5 Nd3 32. Bf3# 1-0

[Event "Euro Online U2300 Day 2"]
[Site "chess.com INT"]
[Date "2020.05.26"]
[Round "5"]
[White "Davtyan, Artur"]
[Black "Rabatin, Jakub"]
[Result "1-0"]
[WhiteTitle "IM"]
[BlackTitle "FM"]
[WhiteElo "2461"]
[BlackElo "2271"]
[WhiteFideId "13308327"]
[BlackFideId "329517"]
[EventDate "2020.05.26"]

1. d4 Nf6 2. c4 g6 3. Nc3 Bg7 4. e4 d6 5. Be2 O-O 6. Be3 Nbd7 7. Nf3 e5 8. O-O
Ng4 9. Bg5 f6 10. Bh4 g5 11. Bg3 Nh6 12. dxe5 fxe5 13. b4 Nf7 14. Qd3 h5 15. h3
Nf6 16. c5 h4 17. Bh2 g4 18. Nxh4 gxh3 19. Rfd1 hxg2 20. Qg3 Nh7 21. Bc4 Qg5 22.
Nd5 Qxg3 23. Bxg3 Nhg5 24. Nxc7 Rb8 25. cxd6 Bg4 26. Rd3 Kh7 27. f3 Bd7 28. Kxg2
Rbc8 29. Rh1 Bh6 30. Nf5 Bxf5 31. exf5 Kg7 32. Bxf7 Nxf7 33. Ne6+ Kf6 34. Nxf8
Bxf8 35. Rd2 Nxd6 36. Rh6+ Kg5 37. Rdxd6 Bxd6 38. Rxd6 Rc2+ 39. Kh3 Kxf5 40. Rd5
Rxa2 41. Rxe5+ Kf6 42. Re4 b6 43. Kg4 a5 44. bxa5 bxa5 45. Bh4+ Kf7 46. Re7+ Kf8
47. Ra7 a4 48. Kf5 a3 49. f4 Rh2 50. Be7+ Ke8 51. Bxa3 Rh5+ 52. Ke4 Rh1 53. Bd6
Re1+ 54. Kf5 Rd1 55. Ke6 Re1+ 56. Be5 1-0

[Event "Euro Online U2300 Day 2"]
[Site "chess.com INT"]
[Date "2020.05.26"]
[Round "5"]
[White "Volovich, Vasily"]
[Black "Burdalev, Kirill"]
[Result "1/2-1/2"]
[WhiteTitle "FM"]
[BlackTitle "FM"]
[WhiteElo "2177"]
[BlackElo "2394"]
[WhiteFideId "34169676"]
[BlackFideId "14121913"]
[EventDate "2020.05.26"]

1. e4 e6 2. d4 d5 3. Bd3 c5 4. exd5 exd5 5. Nf3 Nc6 6. O-O cxd4 7. Re1+ Be7 8.
Nbd2 Nf6 9. Nb3 Bg4 10. h3 Bh5 11. Be2 O-O 12. Nfxd4 Bg6 13. c3 h6 14. Bf4 Ne4
15. Bd3 Qd7 16. f3 Nc5 17. Bxg6 fxg6 18. Nxc5 Bxc5 19. Be3 Bd6 20. Qb3 Bg3 21.
Red1 Rae8 22. Bf2 Bb8 23. Nc2 1/2-1/2

[Event "Euro Online U2300 Day 2"]
[Site "chess.com INT"]
[Date "2020.05.26"]
[Round "5"]
[White "Lisin, Egor"]
[Black "Gevorgyan, Albert"]
[Result "0-1"]
[WhiteElo "1943"]
[BlackElo "2170"]
[WhiteFideId "34147257"]
[BlackFideId "13309951"]
[EventDate "2020.05.26"]

1. Nf3 Nf6 2. g3 b5 3. Bg2 Bb7 4. O-O e6 5. d3 d6 6. Nbd2 Nbd7 7. e4 c5 8. a4 a6
9. Ne1 Be7 10. f4 Qc7 11. axb5 axb5 12. Rxa8+ Bxa8 13. e5 Bxg2 14. exd6 Bxd6 15.
Nxg2 O-O 16. Ne4 Be7 17. Ne3 Rd8 18. Nxf6+ Nxf6 19. Qf3 h6 20. b3 Qb6 21. Kg2
Qa5 22. Bb2 Qa2 23. Bxf6 Bxf6 24. Rf2 Bd4 25. c3 Qxb3 26. cxd4 Rxd4 27. Ng4 Rxd3
28. Qa8+ Kh7 29. Ne5 Qd5+ 30. Qxd5 Rxd5 31. Nxf7 c4 32. Rc2 Rc5 33. Ne5 c3 34.
Nd3 Rc4 35. Nc1 b4 36. Kf3 Rd4 37. Ke2 Kg6 38. Nd3 Kf5 39. Ke3 Rc4 40. g4+ Kf6
41. Ne5 b3 42. Rc1 b2 43. Rb1 c2 0-1

[Event "Euro Online U2300 Day 2"]
[Site "chess.com INT"]
[Date "2020.05.26"]
[Round "5"]
[White "Pham, Khoi"]
[Black "Kusa, Jakub"]
[Result "1-0"]
[WhiteElo "2048"]
[BlackElo "2177"]
[WhiteFideId "1054988"]
[BlackFideId "395595"]
[EventDate "2020.05.26"]

1. d4 Nf6 2. c4 e6 3. Nc3 d5 4. cxd5 exd5 5. Bg5 Nbd7 6. e3 c6 7. Bd3 Be7 8. Qc2
h6 9. Bf4 O-O 10. Nge2 Re8 11. O-O Nb6 12. Rae1 Nh5 13. Bg3 Bg4 14. f3 Nxg3 15.
Nxg3 Be6 16. Kh1 Bh4 17. Nce2 Qd6 18. e4 dxe4 19. Nxe4 Qd8 20. g3 Bf6 21. Nxf6+
Qxf6 22. Nf4 Bd5 23. Nxd5 Nxd5 24. Qf2 g6 25. Be4 Rad8 26. Bxd5 cxd5 27. f4 Re4
28. Rxe4 dxe4 29. Rd1 Qe6 30. b3 e3 31. Qf3 e2 32. Re1 Rxd4 33. Rxe2 Qd7 34. Kg2
h5 35. f5 Rd2 36. f6 Rxe2+ 37. Qxe2 Qc6+ 38. Qf3 g5 39. Qxc6 bxc6 40. Kf3 Kh7
41. Ke4 Kg6 42. Ke5 g4 43. b4 Kg5 44. a4 a6 45. Kd6 Kxf6 46. Kxc6 Ke5 47. b5
axb5 48. axb5 f5 49. b6 f4 50. gxf4+ Kxf4 51. b7 h4 52. b8=Q+ Kf3 53. Kd5 Kg2
54. Ke4 Kh3 55. Qf4 g3 56. hxg3 hxg3 57. Kf3 Kh2 58. Qxg3+ Kh1 59. Qg2# 1-0

[Event "Euro Online U2300 Day 2"]
[Site "chess.com INT"]
[Date "2020.05.26"]
[Round "5"]
[White "Boykov, Pavel"]
[Black "Petrova, Irina"]
[Result "1-0"]
[BlackTitle "WIM"]
[WhiteElo "1788"]
[BlackElo "2087"]
[WhiteFideId "24299278"]
[BlackFideId "14124122"]
[EventDate "2020.05.26"]

1. e4 d6 2. d4 Nf6 3. Nc3 e5 4. dxe5 dxe5 5. Qxd8+ Kxd8 6. Nf3 Bd6 7. Bd2 Bg4 8.
O-O-O Nbd7 9. Be2 c6 10. h3 Bxf3 11. Bxf3 Kc7 12. Bg5 Bc5 13. Rhf1 h6 14. Bh4 a5
15. Rd3 b5 16. Rfd1 Rhd8 17. Ne2 Be7 18. Ng3 Nc5 19. Rxd8 Rxd8 20. Nf5 Rxd1+ 21.
Kxd1 Bf8 22. Bxf6 gxf6 23. Kd2 Ne6 24. g3 Nd4 25. Nxd4 exd4 26. Bh5 Kd6 27. Bxf7
c5 28. Be8 b4 29. Kd3 Be7 30. Bg6 Bd8 31. f4 Bc7 32. Kc4 Bd8 33. Bf7 Be7 34. Kd3
Bd8 35. Ke2 Bb6 36. Kf3 Ke7 37. Bd5 a4 38. Kg4 Kf8 39. Kf5 Kg7 40. Ke6 a3 41.
bxa3 bxa3 42. Kd6 h5 43. Kc6 Ba5 44. Kxc5 Be1 45. g4 hxg4 46. hxg4 Bd2 47. f5
Bc3 48. Bc4 Kf8 49. Kd6 Bd2 50. Ke6 Bc3 51. Bd3 Kg7 52. e5 fxe5 53. Kxe5 Kf7 54.
g5 Kg7 55. f6+ Kf8 56. g6 Be1 57. g7+ 1-0

[Event "Euro Online U2300 Day 2"]
[Site "chess.com INT"]
[Date "2020.05.26"]
[Round "5"]
[White "Ruperez Benito, Antonio"]
[Black "Rajkovic, Dusan"]
[Result "1-0"]
[WhiteTitle "FM"]
[BlackTitle "GM"]
[WhiteElo "2356"]
[BlackElo "2267"]
[WhiteFideId "22245049"]
[BlackFideId "900265"]
[EventDate "2020.05.26"]

1. e4 c5 2. Nf3 Nc6 3. Bb5 d6 4. O-O Bd7 5. c3 a6 6. Bxc6 Bxc6 7. Re1 Nf6 8. d4
cxd4 9. cxd4 Bxe4 10. Bg5 d5 11. Nc3 Qd6 12. Bxf6 gxf6 13. Nxe4 dxe4 14. Rxe4
Rd8 15. Qe2 e6 16. Rd1 Qd5 17. a3 Be7 18. Ne1 Rg8 19. Re3 Rg6 20. g3 Kf8 21. Ng2
Bd6 22. Red3 Bb8 23. Ne3 Qe4 24. d5 e5 25. d6 Ba7 26. Qh5 Bxe3 27. Rxe3 Qc2 28.
Red3 Kg7 29. R3d2 Qc6 30. d7 Rg5 31. Qe2 Kf8 32. Rd6 Qc7 33. Qd2 Rg6 34. Rc1 Qb8
35. Rc8 1-0

[Event "Euro Online U2300 Day 2"]
[Site "chess.com INT"]
[Date "2020.05.26"]
[Round "5"]
[White "Gallasch, Jonas"]
[Black "Khachatryan, Anna"]
[Result "1/2-1/2"]
[BlackTitle "WFM"]
[WhiteElo "2090"]
[BlackElo "2071"]
[WhiteFideId "16222474"]
[BlackFideId "13310780"]
[EventDate "2020.05.26"]

1. d4 Nf6 2. c4 c5 3. d5 b5 4. a4 b4 5. b3 g6 6. Bb2 Bg7 7. e4 O-O 8. Bd3 d6 9.
Nd2 e6 10. Ngf3 exd5 11. cxd5 a5 12. O-O Re8 13. Qc2 Nbd7 14. Nc4 Nb6 15. Nfd2
Nxc4 16. Nxc4 Ba6 17. Rfe1 Bxc4 18. Bxc4 Ng4 19. Bb5 Rf8 20. h3 Ne5 21. f4 Nd7
22. e5 Nb6 23. Rad1 Qh4 24. Qf2 Qh5 25. exd6 Rad8 26. Bxg7 Kxg7 27. Qxc5 Nd7 28.
Bxd7 Rxd7 29. Qxa5 Rxd6 30. Qxb4 Rxd5 31. Rxd5 Qxd5 32. a5 Rc8 33. a6 Rc2 34.
Qe4 Qc5+ 35. Kh1 Ra2 36. b4 Qf2 37. b5 Ra4 38. Qxa4 Qxe1+ 39. Kh2 h5 40. Qd4+
Kh7 41. Qf6 h4 42. Qxf7+ Kh6 43. Qf6 Qg3+ 44. Kh1 Qe1+ 1/2-1/2

[Event "Euro Online U2300 Day 2"]
[Site "chess.com INT"]
[Date "2020.05.26"]
[Round "5"]
[White "Novikova, Galina"]
[Black "Schlegel, Igor"]
[Result "0-1"]
[WhiteTitle "WFM"]
[WhiteElo "2073"]
[BlackElo "2027"]
[WhiteFideId "4157095"]
[BlackFideId "1334956"]
[EventDate "2020.05.26"]

1. e4 c5 2. Nf3 d6 3. d4 cxd4 4. Nxd4 Nf6 5. Nc3 a6 6. h3 g6 7. Be2 Bg7 8. Be3
Nc6 9. O-O O-O 10. Qd2 Bd7 11. Nb3 b5 12. a3 Ne5 13. Bh6 Nc4 14. Bxc4 bxc4 15.
Nd4 Bxh6 16. Qxh6 Qb6 17. Rad1 Qxb2 18. Nd5 Nxd5 19. exd5 Qxa3 20. Rfe1 Rfe8 21.
Re4 e5 22. Nf3 f6 23. h4 Bf5 24. Rxc4 Rac8 25. Rxc8 Rxc8 26. h5 Bxc2 27. hxg6
Bxg6 28. Nh4 Bc2 29. Qxf6 Rc4 30. Qd8+ Kf7 31. Re1 Qb4 32. Nf3 Rg4 33. Qd7+ Kf6
34. Qe6+ Kg7 35. Qe7+ Kg8 36. Nxe5 Qxe1+ 37. Kh2 Qxe5+ 38. Qxe5 dxe5 0-1

[Event "Euro Online U2300 Day 2"]
[Site "chess.com INT"]
[Date "2020.05.26"]
[Round "5"]
[White "Kormos, Adam"]
[Black "Aliakbarov, Anar"]
[Result "0-1"]
[BlackTitle "FM"]
[WhiteElo "2279"]
[BlackElo "2219"]
[WhiteFideId "730483"]
[BlackFideId "13401858"]
[EventDate "2020.05.26"]

1. e4 e5 2. Nf3 Nc6 3. Bb5 a6 4. Ba4 Nf6 5. O-O Be7 6. Qe2 b5 7. Bb3 d6 8. a4
Rb8 9. c3 O-O 10. axb5 axb5 11. h3 h6 12. d4 exd4 13. cxd4 Re8 14. d5 Ne5 15.
Nd4 Bd7 16. f4 Ng6 17. Nc3 Bf8 18. f5 Ne5 19. Ncxb5 Bxb5 20. Nxb5 c6 21. dxc6
Qb6+ 22. Be3 Qxb5 23. Qxb5 Rxb5 24. Ba4 Rxb2 25. Rfb1 Rxb1+ 26. Rxb1 Rc8 27. Rc1
Nxe4 28. Bb6 Nc5 29. c7 Nxa4 30. Ba5 d5 31. Rd1 d4 32. Kh1 Nc6 0-1

[Event "Euro Online U2300 Day 2"]
[Site "chess.com INT"]
[Date "2020.05.26"]
[Round "5"]
[White "Svane, Frederik"]
[Black "Ivanisvili, Andrejs"]
[Result "1-0"]
[WhiteElo "2421"]
[BlackElo "2233"]
[WhiteFideId "12923044"]
[BlackFideId "11601485"]
[EventDate "2020.05.26"]

1. e4 c6 2. Nf3 d5 3. d3 Bg4 4. Nbd2 Nd7 5. g3 dxe4 6. dxe4 Ne5 7. Be2 Nxf3+ 8.
Bxf3 Bxf3 9. Qxf3 Qc7 10. O-O Nf6 11. a4 e5 12. a5 Be7 13. Nc4 O-O 14. Be3 Nd7
15. Rfd1 b5 16. axb6 Nxb6 17. Bxb6 axb6 18. Rxa8 Rxa8 19. Qf5 g6 20. Qxe5 Qxe5
21. Nxe5 Ra2 22. Nxc6 Bf8 23. Rb1 Bg7 24. c3 Kf8 25. Nb4 Ra8 26. Rd1 Ke7 27.
Nd5+ Kf8 28. Nxb6 Rb8 29. Nd7+ 1-0

[Event "Euro Online U2300 Day 2"]
[Site "chess.com INT"]
[Date "2020.05.26"]
[Round "5"]
[White "Buksa, Nataliya"]
[Black "Maximov, Oleg"]
[Result "1-0"]
[WhiteTitle "IM"]
[WhiteElo "2410"]
[BlackElo "2219"]
[WhiteFideId "14123622"]
[BlackFideId "4176960"]
[EventDate "2020.05.26"]

1. d4 Nf6 2. Nc3 d5 3. Bf4 g6 4. e3 Bg7 5. Nf3 Ne4 6. Nxe4 dxe4 7. Nd2 c5 8. c3
cxd4 9. exd4 O-O 10. Nxe4 Qb6 11. Qb3 Be6 12. Qxb6 axb6 13. a3 Nc6 14. Bd3 Bd5
15. O-O e5 16. dxe5 Nxe5 17. Bc2 Nc4 18. Rab1 Rfe8 19. Nd2 Nxd2 20. Bxd2 Re2 21.
Rbd1 Bc4 22. Rfe1 Rd8 23. Bg5 Rxd1 24. Rxd1 h6 25. Bd2 Bf8 26. b3 Be6 27. Kf1
Re5 28. Bf4 Ra5 29. a4 Kg7 30. c4 Ra8 31. Be4 1-0

[Event "Euro Online U2300 Day 2"]
[Site "chess.com INT"]
[Date "2020.05.26"]
[Round "5"]
[White "Stan, Andrei-Mihaita"]
[Black "Tzoumbas, Anastasios"]
[Result "1-0"]
[BlackTitle "FM"]
[WhiteElo "2044"]
[BlackElo "2284"]
[WhiteFideId "1232118"]
[BlackFideId "4200519"]
[EventDate "2020.05.26"]

1. d4 Nf6 2. c4 e6 3. Nc3 Bb4 4. Qc2 O-O 5. Nf3 c5 6. dxc5 Na6 7. Bd2 Nxc5 8. e3
b6 9. Be2 Bb7 10. O-O Rc8 11. Nb5 Bxd2 12. Nxd2 a6 13. Nd6 Rc6 14. Nxb7 Nxb7 15.
Bf3 Rc7 16. Bxb7 Rxb7 17. Ne4 Ne8 18. Rfd1 Qc7 19. Rac1 f5 20. Ng5 h6 21. Nf3
Nf6 22. b4 Rc8 23. a3 Ne4 24. Qd3 d5 25. c5 bxc5 26. Qxa6 Rb6 27. Qd3 c4 28. Qd4
c3 29. Rc2 f4 30. exf4 Ra6 31. f5 Rxa3 32. fxe6 Nf6 33. Re1 Qe7 34. b5 Rc4 35.
Qe5 Re4 36. Rxe4 dxe4 37. Ne1 Qb4 38. Rc1 c2 39. Nxc2 Rc3 40. Ra1 Rxc2 41. Ra8+
Kh7 42. Qf5+ g6 43. Ra7+ 1-0

[Event "Euro Online U2300 Day 2"]
[Site "chess.com INT"]
[Date "2020.05.26"]
[Round "5"]
[White "Pankratov, Oleg"]
[Black "Antova, Gabriela"]
[Result "1-0"]
[BlackTitle "FM"]
[WhiteElo "2104"]
[BlackElo "2255"]
[WhiteFideId "24115290"]
[BlackFideId "2915235"]
[EventDate "2020.05.26"]

1. Nf3 d5 2. g3 Nf6 3. Bg2 e6 4. d3 c5 5. Nbd2 Nc6 6. O-O Be7 7. e4 O-O 8. e5
Nd7 9. Re1 Qc7 10. Qe2 b5 11. h4 h6 12. h5 Bb7 13. Nf1 Rfc8 14. Bf4 Qd8 15. N1h2
Nd4 16. Nxd4 cxd4 17. Nf3 Qb6 18. g4 Rc6 19. Rac1 Rac8 20. Qd2 Nf8 21. g5 hxg5
22. Bxg5 Bxg5 23. Qxg5 Nh7 24. Qd2 Kh8 25. Re2 b4 26. Qf4 R6c7 27. Nxd4 Ba6 28.
Re3 Bb5 29. Rg3 Ba4 30. b3 Bb5 31. Ra1 Qc5 32. Bf3 Rg8 33. Kg2 Be8 34. Kh2 a5
35. Rag1 Qf8 36. Bd1 Re7 37. Nf3 f6 38. exf6 Qxf6 39. Qe5 Rf7 40. R1g2 Qh6 41.
Nh4 Rf4 42. Ng6+ Bxg6 43. Rxg6 Rh4+ 44. Kg3 Qd2 45. Kxh4 Qxd1 46. h6 Qh1+ 47.
Kg3 Nf8 48. hxg7+ 1-0

[Event "Euro Online U2300 Day 2"]
[Site "chess.com INT"]
[Date "2020.05.26"]
[Round "5"]
[White "Ogloblin, Nikolay"]
[Black "Dornbusch, Tatiana"]
[Result "1-0"]
[WhiteTitle "IM"]
[BlackTitle "WGM"]
[WhiteElo "2346"]
[BlackElo "2268"]
[WhiteFideId "4139658"]
[BlackFideId "14107449"]
[EventDate "2020.05.26"]

1. d4 Nf6 2. Nf3 c5 3. d5 b5 4. Bg5 g6 5. Bxf6 exf6 6. e4 a6 7. a4 bxa4 8. Nc3
d6 9. Rxa4 Bg7 10. Bd3 O-O 11. h3 f5 12. exf5 Re8+ 13. Kf1 Bxc3 14. bxc3 Qf6 15.
fxg6 fxg6 16. Qd2 Rf8 17. h4 Bd7 18. Re4 Bf5 19. Re3 Nd7 20. h5 Bxd3+ 21. cxd3
Rae8 22. hxg6 hxg6 23. Re6 Rxe6 24. dxe6 Ne5 25. Qh6 Qg7 26. Nxe5 dxe5 27. Ke2
Qxh6 28. Rxh6 Kg7 29. Rh4 Kf6 30. Rh7 Ra8 31. e7 g5 32. Ke3 Kg6 33. e8=Q+ Rxe8
34. Ra7 Re6 35. Rc7 Kf5 36. Rxc5 Kf6 37. g4 Rd6 38. Ke4 Rb6 39. Rxe5 Re6 40.
Rxe6+ Kxe6 41. Kd4 a5 42. Kc4 Ke5 43. d4+ Kf4 44. Kb5 Kxg4 45. d5 Kf3 46. d6
Kxf2 47. d7 g4 48. d8=Q g3 49. Qf6+ Kg1 50. Kxa5 g2 51. c4 Kh1 52. Qh4+ Kg1 53.
c5 Kf1 54. Qf4+ Ke1 55. Qg3+ Kf1 56. Qf3+ Kg1 57. c6 1-0

[Event "Euro Online U2300 Day 2"]
[Site "chess.com INT"]
[Date "2020.05.26"]
[Round "5"]
[White "Mirimanian, Hayk"]
[Black "Bivol, Alina"]
[Result "0-1"]
[WhiteTitle "FM"]
[BlackTitle "WGM"]
[WhiteElo "2268"]
[BlackElo "2386"]
[WhiteFideId "4700180"]
[BlackFideId "4100123"]
[EventDate "2020.05.26"]

1. e4 e6 2. d4 d5 3. Nd2 c5 4. dxc5 Bxc5 5. Bd3 Nf6 6. Qe2 Nc6 7. Ngf3 Nb4 8.
O-O Nxd3 9. cxd3 dxe4 10. dxe4 O-O 11. e5 Nd5 12. Ne4 Be7 13. Bg5 Bxg5 14. Nfxg5
h6 15. Nf3 Bd7 16. Nd6 Qb6 17. Rfd1 a5 18. Nd4 a4 19. Rd3 Nf4 20. Qd2 Nxd3 21.
Qxd3 Qxb2 22. Re1 Qxa2 23. h4 Qd5 24. Re4 a3 25. Qg3 a2 26. Rg4 a1=Q+ 27. Kh2
Qdxd4 28. Rxg7+ Kh8 0-1

[Event "Euro Online U2300 Day 2"]
[Site "chess.com INT"]
[Date "2020.05.26"]
[Round "5"]
[White "Bruil, Rembrandt"]
[Black "Budrewicz, Krzysztof"]
[Result "0-1"]
[WhiteTitle "CM"]
[WhiteElo "2105"]
[BlackElo "2227"]
[WhiteFideId "1053590"]
[BlackFideId "1127950"]
[EventDate "2020.05.26"]

1. g3 Nf6 2. Bg2 g6 3. c3 Bg7 4. Nf3 O-O 5. O-O d5 6. d3 c5 7. Bg5 Nc6 8. Bxf6
Bxf6 9. Nbd2 e5 10. e4 d4 11. Qe2 Bg7 12. a4 Be6 13. Rfc1 Bh6 14. Rd1 Qd7 15.
Nc4 f6 16. Rab1 Rad8 17. cxd4 Nxd4 18. Nxd4 Qxd4 19. b3 Rd7 20. Na3 a6 21. Nc2
Qc3 22. Ne3 Bxe3 23. Qxe3 b6 24. Qd2 Qxd2 25. Rxd2 a5 26. Kf1 Rfd8 27. Ke2 Rd4
28. Bf1 f5 29. f3 Kf7 30. Ke3 Kf6 31. h4 h6 32. Be2 Rb4 33. Bd1 Rbd4 34. Bc2 Bc8
35. Rdd1 Ba6 36. Rd2 R8d6 37. Rdd1 g5 38. hxg5+ hxg5 39. exf5 Kxf5 40. Rd2 g4
41. Rh1 gxf3 42. Rh5+ Kf6 43. Rh6+ Ke7 44. Rxd6 Kxd6 45. Kxf3 Bb7+ 46. Kf2 Rg4
47. Rd1 Rg6 48. Rf1 Kd5 49. Rg1 Kd4 50. Re1 Rf6+ 51. Kg1 Rf3 52. Bb1 Rxg3+ 53.
Kf2 Rg2+ 54. Kf1 Rh2 55. Kg1 Rh1+ 56. Kf2 Rxe1 57. Kxe1 Kc3 0-1

[Event "Euro Online U2300 Day 2"]
[Site "chess.com INT"]
[Date "2020.05.26"]
[Round "5"]
[White "Ioannidis, Evgenios"]
[Black "Willow, Jonah B"]
[Result "1-0"]
[WhiteTitle "IM"]
[BlackTitle "FM"]
[WhiteElo "2401"]
[BlackElo "2386"]
[WhiteFideId "4229274"]
[BlackFideId "438804"]
[EventDate "2020.05.26"]

1. d4 Nf6 2. c4 c5 3. d5 e6 4. Nc3 exd5 5. cxd5 d6 6. e4 g6 7. f4 Bg7 8. Bb5+
Nfd7 9. Bd3 a6 10. a4 O-O 11. Nf3 Re8 12. O-O Nf6 13. Re1 Bg4 14. h3 Bxf3 15.
Qxf3 Nbd7 16. Be3 Rb8 17. Bf2 Qa5 18. g4 g5 19. e5 dxe5 20. fxg5 e4 21. Bxe4
Nxe4 22. Nxe4 Bxb2 23. Rab1 Bg7 24. Qf5 Qd8 25. Bg3 Rc8 26. Rxb7 Re7 27. d6 Re6
28. Nf6+ Bxf6 29. Rxe6 Bd4+ 30. Kg2 fxe6 31. Qxe6+ Kh8 32. Rxd7 Qxg5 33. Rf7
Qd2+ 34. Bf2 Rd8 35. d7 Qg5 36. Qe8+ Qg8 37. Bxd4+ cxd4 38. Qe5+ 1-0

[Event "Euro Online U2300 Day 2"]
[Site "chess.com INT"]
[Date "2020.05.26"]
[Round "5"]
[White "De Verdier, Michael"]
[Black "Han, Yichen"]
[Result "0-1"]
[WhiteTitle "FM"]
[BlackTitle "FM"]
[WhiteElo "2291"]
[BlackElo "2307"]
[WhiteFideId "1710516"]
[BlackFideId "1054430"]
[EventDate "2020.05.26"]

1. d4 d5 2. Nf3 Nf6 3. g3 Bf5 4. Bg2 e6 5. c4 c6 6. Nc3 h6 7. Qb3 Qb6 8. c5 Qa6
9. Bf1 b5 10. a4 Nbd7 11. Bf4 Ne4 12. Ra2 bxa4 13. Rxa4 Qc8 14. e3 g5 15. Ba6
Qd8 16. Bb7 gxf4 17. Bxa8 Qxa8 18. O-O fxg3 19. hxg3 Ndxc5 20. dxc5 Nxc5 21. Qa2
Nxa4 22. Qxa4 Bd6 23. e4 Bg4 24. Nh2 Bh3 25. exd5 Bxf1 26. dxe6 Bh3 27. Qd4 Rg8
28. Qxd6 Bxe6 29. Ne4 Rg6 30. Qe5 Qd8 31. Nf3 Qd5 32. Nf6+ Rxf6 33. Qxf6 Qd1+
34. Kh2 Bd5 35. Qe5+ Kd7 36. Ne1 f6 37. Qe3 Qh5+ 0-1

[Event "Euro Online U2300 Day 2"]
[Site "chess.com INT"]
[Date "2020.05.26"]
[Round "5"]
[White "Krivenko, Sergey"]
[Black "Zvereva, Margarita"]
[Result "1-0"]
[BlackTitle "WFM"]
[WhiteElo "2279"]
[BlackElo "1929"]
[WhiteFideId "24124753"]
[BlackFideId "34177741"]
[EventDate "2020.05.26"]

1. d4 d5 2. Bf4 Nf6 3. e3 e6 4. Nd2 Bd6 5. Bg3 c5 6. c3 Qc7 7. Bxd6 Qxd6 8. f4
O-O 9. Ngf3 b6 10. Ne5 Bb7 11. Bd3 Nbd7 12. O-O Ne4 13. Bxe4 dxe4 14. Ndc4 Qe7
15. Nxd7 Qxd7 16. dxc5 Qxd1 17. Rfxd1 bxc5 18. Rd6 Bd5 19. Na5 Rfd8 20. Rxd8+
Rxd8 21. Rd1 Rb8 22. c4 Ba8 23. Rd7 a6 24. Kf1 h6 25. Rc7 Kh7 26. b3 Kg6 27.
Rxc5 f5 28. Nc6 Re8 29. Ne5+ Kh5 30. Rc7 g5 31. c5 gxf4 32. exf4 Rd8 33. Ke2 Rd4
34. c6 e3 35. Kxe3 Re4+ 36. Kf3 Re1 37. Rc8 Bxc6+ 38. Rxc6 Rf1+ 39. Kg3 Ra1 40.
Rxe6 Rxa2 41. Nf7 1-0

[Event "Euro Online U2300 Day 2"]
[Site "chess.com INT"]
[Date "2020.05.26"]
[Round "5"]
[White "Hakobyan, Hakob V."]
[Black "Reizniece-Ozola, Dana"]
[Result "1-0"]
[BlackTitle "WGM"]
[WhiteElo "2070"]
[BlackElo "2311"]
[WhiteFideId "13308807"]
[BlackFideId "11601124"]
[EventDate "2020.05.26"]

1. Nf3 Nf6 2. c4 g6 3. Nc3 Bg7 4. e4 d6 5. d4 O-O 6. Be2 e5 7. O-O Nc6 8. d5 Ne7
9. b4 a5 10. Ba3 b6 11. bxa5 Nd7 12. Nd2 f5 13. Nb3 Nc5 14. f3 fxe4 15. fxe4 g5
16. Rxf8+ Qxf8 17. Bg4 Qf4 18. Bxc8 Qe3+ 19. Kh1 Qxc3 20. Bxc5 bxc5 21. Bb7 Rf8
22. a6 Nc8 23. Qc1 Qd3 24. Qb1 Qxc4 25. Na5 Qa4 26. Nc6 Nb6 27. a7 g4 28. Qd1
Qxe4 29. a4 Rf2 30. Qg1 g3 31. a5 Qh4 32. axb6 gxh2 33. a8=Q+ Bf8 34. Qxh2 Qf6
35. Qg3+ Kf7 36. Nd8+ Ke7 37. Ne6 1-0

[Event "Euro Online U2300 Day 2"]
[Site "chess.com INT"]
[Date "2020.05.26"]
[Round "5"]
[White "Guliev, Logman"]
[Black "Tobak, Mikhail"]
[Result "1-0"]
[WhiteTitle "IM"]
[WhiteElo "2273"]
[BlackElo "2067"]
[WhiteFideId "13400061"]
[BlackFideId "14165570"]
[EventDate "2020.05.26"]

1. e4 Nf6 2. e5 Nd5 3. d4 d6 4. Nf3 Bg4 5. Be2 c6 6. O-O Bxf3 7. Bxf3 dxe5 8.
dxe5 e6 9. c4 Ne7 10. Qe2 Nd7 11. Rd1 Ng6 12. Bh5 Bc5 13. Bxg6 hxg6 14. Bf4 Qh4
15. Bg3 Qh5 16. Qe1 Rd8 17. Nc3 O-O 18. Ne4 Be7 19. Qa5 Qe2 20. Nd6 Bxd6 21.
Rxd6 b6 22. Qxa7 Nxe5 23. Bxe5 Qxe5 24. Rxd8 Rxd8 25. Qxb6 Rb8 26. Qxc6 Qxb2 27.
Rf1 Qxa2 28. g3 Qa8 29. Qd6 Rc8 30. Rc1 Qc6 31. Qf4 Qc5 32. h4 Rd8 33. Rb1 e5
34. Qg5 Re8 35. Rc1 Rc8 36. Qg4 Rd8 37. Rb1 Rc8 38. Rc1 Rd8 39. Qf3 Re8 40. Qe4
f5 41. Qb7 e4 42. Qd7 Re7 43. Qd8+ Kh7 44. Rb1 e3 45. Rb8 exf2+ 46. Kh2 f1=N+
47. Kh3 g5 48. h5 g4+ 49. Kh4 g5+ 50. hxg6+ Kxg6 51. Qg8+ Kf6 52. Rf8+ Ke5 53.
Rxf5+ Kxf5 54. Qg5+ Ke4 55. Qxc5 Rh7+ 56. Kg5 Ne3 57. Qc6+ Kd4 58. Qb6+ Ke4 59.
Qg6+ 1-0

[Event "Euro Online U2300 Day 2"]
[Site "chess.com INT"]
[Date "2020.05.26"]
[Round "5"]
[White "Gasimov, Parviz"]
[Black "Usmanov, Ilnur"]
[Result "0-1"]
[WhiteTitle "FM"]
[WhiteElo "2337"]
[BlackElo "2147"]
[WhiteFideId "13408798"]
[BlackFideId "4111303"]
[EventDate "2020.05.26"]

1. e4 c6 2. d4 d5 3. exd5 cxd5 4. c4 e6 5. Nc3 Be7 6. Nf3 Nf6 7. cxd5 exd5 8.
Bb5+ Bd7 9. Qb3 O-O 10. O-O Bxb5 11. Qxb5 Nc6 12. Qxb7 Nb4 13. Bf4 Bd6 14. Bxd6
Qxd6 15. Ne5 Nc2 16. Rad1 Nxd4 17. Nxf7 Qf4 18. Nd6 Qxd6 19. Rxd4 Rfb8 20. Rxd5
Nxd5 21. Qxd5+ Qxd5 22. Nxd5 Rxb2 23. Rc1 Rab8 24. Nc3 Rc8 25. Kf1 Kf7 26. h4 a5
27. g4 g6 28. Kg2 Rd2 29. g5 a4 30. Rd1 Rxd1 31. Nxd1 Rc2 32. a3 Ra2 0-1